000 01665nam1a2200349 4500
001 RU\NLR\BIBL_A\022653555
005 20260208075158.0
035 _a(NLR Aleph) 022653555
090 _a13543647
_c13543647
100 _a20251024d2025 k y0rusy50 ca
101 0 _arus
102 _aRU
105 _a z
181 0 _ai3
_baxxe
182 0 _an
200 1 _aСовременные тенденции развития технологий обеспечения безопасности и надежности авиатранспортных систем
_eмонография
_e[в 5 частях]
_fВ. А. Астафьев, д. т. н., проф. Д. А. Базлев, В. В. Витчинка [и др.]
_gпод общей редакцией В. С. Шапкина
203 _aТекст
_bвизуальный
_cнепосредственный
210 _aТверь
_cПечатня
_d2025
215 _d22
300 _aАвт. указаны на обороте тит. с.
606 1 _aВоздушный транспорт
_xБезопасность жизнедеятельности
_92396662
_3RU\NLR\AUTH\661428906
686 1 _aО5н6
686 1 _aУ37(2)5-81(2Р)
701 1 _aАстафьев
_bВ. А.
_gВалерий Александрович
701 1 _aБазлев
_bД. А.
_gДмитрий Анатольевич
701 1 _aВитчинка
_bВ. В.
_gВиктор Владимирович
702 1 _aШапкин
_bВ. С.
_f1961-
_gВасилий Сергеевич
_4340
852 _aNLR
_j2025-5/9278
942 _cBOOK
980 _aNB